000
00303nam a22001337a 4500
008
170904b xxu||||| |||| 00| 0 eng d
020
_a
009155960
041
_a
eng
080
_2
5 ED
_a
070
100
_a
40
101
_a
MED
245
_a
MASS MEDIA MASS CULTURE
_c
WILSON.J.R
942
_2
udc
_c
BK
999
_c
26064
_d
26064